000 00287nam a22001337a 4500
008 170919b xxu||||| |||| 00| 0 eng d
020 _a9780072859348
041 _aeng
080 _27TH
_a7
100 _a44
101 _aART
245 _aLIVING WITH ART
_cGETLEIN,M
942 _2udc
_cBK
999 _c28330
_d28330